Teachership : Professional Citizenship, Leadership and Entrepreneurship among Teachers/ (Record no. 178678)

MARC details
000 -LEADER
fixed length control field 00584nam a22001937a 4500
005 - DATE AND TIME OF LATEST TRANSACTION
control field 20210409171329.0
010 ## - LCCN (DPL NO)
LC control number ENG-129443
020 ## - INTERNATIONAL STANDARD BOOK NUMBER
Terms of availability 1430.00
International Standard Book Number 978-81-942413-4-8
035 ## - SYSTEM CONTROL NUMBER
System control number EN-112975
035 ## - SYSTEM CONTROL NUMBER
System control number EN-112975
037 ## - SOURCE OF ACQUISITION
Source of stock number/acquisition DBAD/PUB
082 ## - DEWEY DECIMAL CLASSIFICATION NUMBER
Classification number 371.1
245 ## - TITLE STATEMENT
Title Teachership : Professional Citizenship, Leadership and Entrepreneurship among Teachers/
Statement of responsibility, etc by Alexander Kyei Edwards
260 ## - PUBLICATION, DISTRIBUTION, ETC. (IMPRINT)
Place of publication, distribution, etc Kolkata
Name of publisher, distributor, etc Exceller Books
Date of publication, distribution, etc 2019
270 ## - ADDRESS
City Kolkata
Postal code 700056
300 ## - PHYSICAL DESCRIPTION
Extent 207p ;
Dimensions 20cm(pbk)
942 ## - ADDED ENTRY ELEMENTS (KOHA)
Source of classification or shelving scheme Dewey Decimal Classification
Item type English Books
Classification part 371.1
Call number suffix EDW
Holdings
Withdrawn status Lost status Not for loan Collection code Home library Current library Date acquired Source of acquisition Cost, normal purchase price Full call number Barcode Copy number Cost, replacement price Koha item type
      Non-fiction Bawana Bawana 09/04/2021 DBAD/PUB 1430.00 371.1 EDW EN-112975 1 1430.00 English Books

© Delhi Public Library
Hit Counter
free hit counter